书目信息 |
| 题名: |
黎曼几何学
|
|
| 作者: | 嘉当 著 | |
| 分册: | ||
| 出版信息: | 北京 科学出版社 1964 |
|
| 页数: | 267页 | |
| 开本: | 20cm | |
| 丛书名: | ||
| 单 册: | ||
| 中图分类: | O186.12 | |
| 科图分类: | ||
| 主题词: | 黎曼几何--基本知识 | |
| 电子资源: | ||
| ISBN: | ||
| 000 | 00594nam2 2200217 45 | |
| 001 | 0193036945 | |
| 005 | 20060425160808.34 | |
| 010 | @dCNY1.30 | |
| 100 | @a19930827d1964 em y0chiy0121 ea | |
| 101 | 0 | @achi |
| 102 | @aCN@b110000 | |
| 105 | @ay z 000yy | |
| 200 | 10 | @a黎曼几何学@Ali man ji he xue@e正交标架法@fE·嘉当著@FE·jia dang zhu |
| 210 | @a北京@c科学出版社@d1964 | |
| 215 | @a267页@d20cm | |
| 517 | 1 | @a正交标架法@Azheng jiao biao jia fa |
| 606 | @a黎曼几何@x基本知识 | |
| 690 | @aO186.12@v4 | |
| 701 | 0 | @a嘉当@Ajia dang@4著 |
| 801 | 0 | @aCN@bNLC@c20060425 |
| 905 | @dO186.12@e6 | |
| 黎曼几何学:正交标架法/E·嘉当著.-北京:科学出版社,1964 |
| 267页;20cm |
| ISBN :CNY1.30 |
| ● |
| 相关链接 |
|
|
|
|
正题名:黎曼几何学
索取号:O186.12/6
 
预约/预借
| 序号 | 登录号 | 条形码 | 馆藏地/架位号 | 状态 | 备注 |
| 1 | 0008626 | 202288041 | 密集书库/ [索取号:O186.12/6] | 在馆 |